[Event "ICS rated blitz match"]
[Site "207.99.83.227"]
[Date "1999.04.06"]
[Round "?"]
[White "schimpf"]
[Black "Hossa"]
[Result "0-1"]
[WhiteElo "2429"]
[BlackElo "2559"]
[PlyCount "50"]

1. e4 e5 2. Nf3 Nc6 3. Nc3 Bb4 4. Nd5 Ba5 5. Bb5 a6 6. Bxc6 dxc6 7. Ne3 Nf6 8.
O-O Nxe4 9. Nxe5 O-O 10. N5c4 Bb4 11. c3 Be7 12. d3 Nf6 13. d4 Be6 14. Ne5 c5
15. dxc5 Qxd1 16. Rxd1 Bxc5 17. Nf1 Ne4 18. Be3 Bd6 19. Nd3 Rad8 20. Nf4 Rfe8
21. Nxe6 Rxe6 22. Ng3 Nxg3 23. hxg3 Rde8 24. Kf1 Bxg3 25. fxg3 25... Rxe3 {
schimpf resigns} 0-1

[Event "ICS rated blitz match"]
[Site "207.99.83.227"]
[Date "1999.04.06"]
[Round "?"]
[White "Hossa"]
[Black "rajah"]
[Result "1-0"]
[WhiteElo "2569"]
[BlackElo "2500"]
[PlyCount "149"]

1. e4 Nf6 2. e5 Nd5 3. Nc3 e6 4. Nxd5 exd5 5. Qf3 c6 6. Qg3 d6 7. d4 dxe5 8.
Qxe5+ Be6 9. Bg5 Qa5+ 10. Bd2 Qb6 11. O-O-O Nd7 12. Qf4 Be7 13. Bd3 O-O 14. Nf3
Rfe8 15. Bf5 Bxf5 16. Qxf5 Nf6 17. Rhe1 Ne4 18. Ne5 Bf6 19. Be3 Bxe5 20. dxe5
Qc7 21. f4 a5 22. Rd3 a4 23. Bd4 Rad8 24. Rh3 g6 25. Qg4 c5 26. Bg1 f6 27. f5
fxe5 28. fxg6 hxg6 29. Qxg6+ Qg7 30. Qh5 Rf8 31. Qe2 c4 32. Rd1 b5 33. Re1 Rf5
34. Kb1 b4 35. Bb6 Rd6 36. Be3 a3 37. Rh4 axb2 38. Rxe4 dxe4 39. Qxc4+ Qf7 40.
Qxb4 Rd7 41. Qxe4 Rb7 42. g3 Rb8 43. Bc5 Qe6 44. Bd4 Rb4 45. a3 Rxd4 46. Qxd4
exd4 47. Rxe6 Rb5 48. Rd6 Kf8 49. Rxd4 Rb6 50. Rb4 Re6 51. Kxb2 Re3 52. a4 Ke8
53. a5 Kd7 54. a6 Re8 55. h4 Ra8 56. Ra4 Kc6 57. g4 Kb5 58. Kb3 Rxa6 59. Rxa6
Kc5 60. g5 Kb5 61. g6 Kxa6 62. g7 Kb6 63. g8=Q Kc5 64. Qe6 Kd4 65. h5 Kc5 66.
h6 Kd4 67. Qe5+ Kxe5 68. h7 Kd4 69. h8=Q+ Kd5 70. Qe8 Kd6 71. c4 Kc7 72. c5 Kb7
73. Qd7+ Ka6 74. Qc7 Kb5 75. Qb6# {rajah checkmated} 1-0

[Event "ICS Rated blitz match"]
[Site "207.99.83.227"]
[Date "1999.04.06"]
[Round "?"]
[White "sombra"]
[Black "Hossa"]
[Result "0-1"]
[WhiteElo "2265"]
[BlackElo "2582"]
[PlyCount "26"]

1. e4 e5 2. Nf3 Nc6 3. Bb5 a6 4. Ba4 Nf6 5. O-O b5 6. Bb3 Bc5 7. Qe1 d6 8. d3
Bg4 9. Nbd2 O-O 10. c3 Qd7 11. h3 Bxh3 12. gxh3 Qxh3 13. Nh2 13... Qxd3 {
sombra resigns} 0-1

[Event "ICS rated blitz match"]
[Site "207.99.83.227"]
[Date "1999.04.06"]
[Round "?"]
[White "Hossa"]
[Black "hnishy"]
[Result "1-0"]
[WhiteElo "2586"]
[BlackElo "2278"]
[PlyCount "23"]

1. e4 c5 2. Bc4 e6 3. Nc3 a6 4. a4 b6 5. Nf3 Bb7 6. O-O Nc6 7. d4 cxd4 8. Nxd4
Nge7 9. Be3 Ng6 10. Nxc6 Bxc6 11. Qd4 Rb8 12. Bxa6 {hnishy resigns} 1-0

[Event "ICS rated blitz match"]
[Site "207.99.83.227"]
[Date "1999.04.06"]
[Round "?"]
[White "Hossa"]
[Black "ipkis"]
[Result "1-0"]
[WhiteElo "2591"]
[BlackElo "2583"]
[PlyCount "90"]

1. e4 c5 2. Bc4 e6 3. Nc3 a6 4. a4 g6 5. Nf3 Bg7 6. O-O Ne7 7. e5 Nbc6 8. Re1
O-O 9. d3 d6 10. exd6 Qxd6 11. Ne4 Qc7 12. Nxc5 Na5 13. Ne4 Nxc4 14. dxc4 Qxc4
15. Ra3 Nd5 16. a5 Qc7 17. Ra1 Bd7 18. c3 Bc6 19. c4 Ne7 20. Qe2 Rad8 21. Ra2
Nf5 22. b3 Nd4 23. Nxd4 Rxd4 24. Ng3 Rfd8 25. Be3 e5 26. Bxd4 exd4 27. Qd3 h5
28. b4 Qd7 29. Rae2 h4 30. Nf1 Qg4 31. f3 Qg5 32. Nd2 h3 33. f4 Qh5 34. gxh3
Bf6 35. Nb3 Kg7 36. Rd2 Qh4 37. Qg3 Qh5 38. Qg4 Qh6 39. Nc5 d3 40. Rxd3 Qh8 41.
Nd7 Bxd7 42. Rxd7 Rxd7 43. Qxd7 Qb8 44. Re4 b6 45. axb6 45... Qxb6+ {
ipkis resigns} 1-0

[Event "ICS rated blitz match"]
[Site "207.99.83.227"]
[Date "1999.04.06"]
[Round "?"]
[White "rajah"]
[Black "Hossa"]
[Result "1-0"]
[WhiteElo "2487"]
[BlackElo "2607"]
[Annotator "Crafty v16.6"]
[PlyCount "111"]

{annotating for player Hossa using a scoring margin of +0.10 pawns. search
time limit is 20.00} 1. e4 1... e5 2. Nf3 Nc6 3. Bb5 a6 4. Bxc6 dxc6 5. O-O Qd6
({9:-0.75} 5... Qd6 6. Na3 Be6 7. Qe2 f6 8. Re1 O-O-O 9. Nc4 9... Qc5 $16) ({
9:-0.41} 5... Bg4 6. d3 Qf6 7. Nbd2 Bc5 8. Qe1 Ne7 9. Nb3 9... Bb6 $14) 6. d3
Bg4 7. h3 Bxf3 ({9:-0.64} 7... Bxf3 8. Qxf3 Nf6 9. Nd2 O-O-O 10. Nc4 Qe6 11.
Bg5 Kb8 12. Qe3 $14) ({9:-0.46} 7... Be6 8. Ng5 O-O-O 9. Qf3 Nf6 10. Nxe6 Qxe6
11. Nc3 Kb8 12. Be3 $14) 8. Qxf3 Nf6 9. Nd2 Qe6 10. Qg3 O-O-O 11. Nf3 Nd7 12.
Be3 h6 13. a4 g5 ({8:-0.16} 13... g5 14. Qg4 Qxg4 15. hxg4 Bb4 16. Rfd1 Kb8 17.
Rac1 17... Rhe8 $10) ({8:+0.02} 13... Kb8 14. Rfe1 c5 15. Nh4 c4 16. Nf5 cxd3
17. cxd3 17... Rg8 $10) 14. Qg4 Qxg4 15. hxg4 Bd6 16. a5 Nf6 17. Nh2 Rdg8 18.
Ra4 h5 19. Nf3 Nxg4 ({10:-0.03} 19... Nxg4 20. Bxg5 f6 21. Bh4 Rg6 22. Rc4 Rd8
23. Nh2 Nxh2 24. Kxh2 24... Kd7 $10) ({10:+0.17} 19... Rh7 20. Nxg5 Rhg7 21.
Nf3 Rxg4 22. Ne1 h4 23. f3 Rg3 24. Rc4 $10) 20. Bxg5 Rh7 21. Bh4 Rhg7 22. g3
Rg6 23. d4 f6 24. Rd1 Kb8 25. b4 exd4 26. Nxd4 Kc8 ({10:-0.41} 26... Kc8 27.
Nf5 Bf8 28. c3 Ne5 29. Kf1 Ng4 30. Rd3 Nh2+ 31. Kg1 31... Ng4 $14) ({10:-0.09} 
26... Re8 27. Nf5 Bf8 28. c3 c5 29. Rd2 Rg8 30. f3 Ne5 31. Kg2 $10) 27. Nf5 Bf8
28. c4 Ne5 29. c5 Nf3+ 30. Kh1 Rh8 ({11:-0.69} 30... Rh8 31. Ra3 Ne5 32. Ra2
Nf3 33. Kg2 Nxh4+ 34. Nxh4 Rg4 35. f3 Rg5 36. Nf5 36... Rhg8 $14) ({11:-0.45} 
30... Nxh4 31. Nxh4 Rg4 32. Rd4 R8g5 33. Nf3 Rg7 34. Nh2 R4g5 35. Kg2 Rd7 36.
Nf3 $14) 31. Kg2 Ne5 32. Ra2 Rh7 33. Rad2 Rd7 34. Rd4 Rxd4 35. Nxd4 Nc4 36. Nf5
Ne5 37. f3 Nf7 38. Kh1 Ne5 39. f4 Ng4 40. Rd2 Nh6 41. Nxh6 Bxh6 42. e5 Bg7 43.
e6 Bh8 44. Rd7 Rg8 45. Rh7 f5 46. Rxh5 Bc3 47. Rxf5 Bxb4 48. Rh5 Bxa5 49. f5 b5
50. f6 Re8 51. f7 Rxe6 52. Rh8+ Kb7 53. f8=Q Re1+ 54. Kg2 Re2+ 55. Kh3 Re8 56.
Qxe8 1-0

[Event "ICS rated blitz match"]
[Site "207.99.83.227"]
[Date "1999.04.06"]
[Round "?"]
[White "NacireddinHodja"]
[Black "Hossa"]
[Result "1/2-1/2"]
[WhiteElo "2475"]
[BlackElo "2586"]
[PlyCount "20"]

1. d4 Nf6 2. c4 g6 3. Nc3 Bg7 4. e4 d6 5. Nf3 Bg4 6. Be2 O-O 7. Ng1 Bd7 8. Nf3
Bg4 9. Ng1 Bd7 10. Nf3 10... Bg4 {Game drawn by repetition} 1/2-1/2

[Event "ICS rated blitz match"]
[Site "207.99.83.227"]
[Date "1999.04.06"]
[Round "?"]
[White "Hossa"]
[Black "amgam"]
[Result "1-0"]
[WhiteElo "2581"]
[BlackElo "2445"]
[PlyCount "87"]

1. e4 c5 2. Bc4 e6 3. Nc3 Nc6 4. Nf3 Nf6 5. O-O d5 6. exd5 exd5 7. Bb5 Be7 8.
d4 O-O 9. Bg5 Bg4 10. dxc5 d4 11. Na4 Qa5 12. Bxc6 bxc6 13. b3 Rad8 14. Qd3 h6
15. Rae1 Qc7 16. Bh4 Nd5 17. Bg3 Qd7 18. Ne5 Qc8 19. Qxd4 Be6 20. Nc3 Bf6 21.
Ne4 Bxe5 22. Bxe5 f6 23. Bg3 Bf7 24. Nd6 Qa6 25. Nxf7 Rxf7 26. c4 Rfd7 27. cxd5
Rxd5 28. Qg4 Qxa2 29. Re7 Rg5 30. Qe6+ Kh8 31. Qxc6 Qxb3 32. Rxa7 Qc4 33. Bd6
Qe6 34. Re7 Qg4 35. f4 Rg6 36. h3 Qg3 37. f5 Rxd6 38. Qe8+ Kh7 39. fxg6+ Qxg6
40. Qxg6+ Kxg6 41. cxd6 Kg5 42. Rxg7+ Kh5 43. Rxf6 Kh4 44. Rxh6# {
amgam checkmated} 1-0

[Event "ICS rated blitz match"]
[Site "207.99.83.227"]
[Date "1999.04.06"]
[Round "?"]
[White "Hossa"]
[Black "Nicy"]
[Result "1-0"]
[WhiteElo "2589"]
[BlackElo "2207"]
[PlyCount "49"]

1. e4 c5 2. Bc4 Nc6 3. f4 g6 4. Nf3 Bg7 5. c3 e6 6. Bb3 Nge7 7. O-O O-O 8. d3
d5 9. Qe2 Na5 10. Ba4 Bd7 11. Bxd7 Qxd7 12. Be3 b6 13. e5 Nf5 14. Nbd2 Nc6 15.
Rad1 d4 16. Bf2 Rad8 17. Ne4 Qe7 18. g4 Nh6 19. Bh4 Qc7 20. Bxd8 Rxd8 21. Nfg5
Rd7 22. Nf6+ Bxf6 23. exf6 Qd8 24. Qg2 Rd6 25. Ne4 {Nicy resigns} 1-0

[Event "ICS rated blitz match"]
[Site "207.99.83.227"]
[Date "1999.04.06"]
[Round "?"]
[White "KOFF"]
[Black "Hossa"]
[Result "0-1"]
[WhiteElo "2288"]
[BlackElo "2592"]
[PlyCount "70"]

1. e4 e5 2. Nf3 Nc6 3. Nc3 Bb4 4. g3 Nf6 5. Bg2 O-O 6. O-O d6 7. d3 Bg4 8. h3
Bxf3 9. Qxf3 Nd4 10. Qd1 Bxc3 11. bxc3 Ne6 12. Rb1 b6 13. f4 Qe7 14. fxe5 dxe5
15. Kh2 Qc5 16. c4 Qa5 17. Rf5 Nd4 18. Rxf6 gxf6 19. Bh6 Kh8 20. Bxf8 Rxf8 21.
Qf1 f5 22. exf5 Qxa2 23. Ra1 Qxc2 24. Rxa7 Rc8 25. f6 Qd2 26. Ra1 Rd8 27. Rd1
Qg5 28. Bd5 Rd6 29. Ra1 Rxf6 30. Qg2 Qe3 31. Rf1 Rxf1 32. Qxf1 f5 33. Bg2 Qd2
34. Qa1 Kg7 35. Qa7 35... Nf3+ {KOFF resigns} 0-1

[Event "ICS rated blitz match"]
[Site "207.99.83.227"]
[Date "1999.04.06"]
[Round "?"]
[White "Hossa"]
[Black "Prof-Moriarty"]
[Result "1-0"]
[WhiteElo "2597"]
[BlackElo "2318"]
[PlyCount "91"]

1. e4 d6 2. d4 Nf6 3. Nc3 g6 4. Be3 Bg7 5. Qd2 c6 6. O-O-O b5 7. e5 b4 8. Nce2
Nd5 9. Bh6 Bxh6 10. Qxh6 Qa5 11. Kb1 Be6 12. Qg7 Rf8 13. Nf3 Nc3+ 14. bxc3 bxc3
15. Nxc3 Qxc3 16. Bd3 Nd7 17. exd6 Bxa2+ 18. Kxa2 Rb8 19. Bb5 Qa5+ 20. Kb2
Rxb5+ 21. Kc1 e6 22. Rde1 Qa1+ 23. Kd2 Qa5+ 24. Kc1 Qa3+ 25. Kd2 Qxd6 26. Qxh7
Nf6 27. Qh4 Qb4+ 28. Ke2 Qc4+ 29. Kd2 Nd5 30. Rc1 Rb2 31. Rhe1 Qc3+ 32. Kd1 Nb4
33. Qe4 Na2 34. Ra1 Rxc2 35. Qxc2 Qxa1+ 36. Kd2 Nb4 37. Rxa1 Nxc2 38. Kxc2 Ke7
39. Rxa7+ Kf6 40. Ne5 Kg7 41. f4 Kf6 42. Nd7+ Kg7 43. Nxf8 Kg8 44. Nd7 Kg7 45.
Ne5 Kf6 46. Rxf7# {Prof-Moriarty checkmated} 1-0

[Event "ICS rated blitz match"]
[Site "207.99.83.227"]
[Date "1999.04.06"]
[Round "?"]
[White "JudgeTurpin"]
[Black "Hossa"]
[Result "1-0"]
[WhiteElo "2470"]
[BlackElo "2602"]
[Annotator "Crafty v16.6"]
[PlyCount "156"]

{annotating for player Hossa using a scoring margin of +0.10 pawns. search
time limit is 20.00} 1. d4 1... Nf6 2. c4 g6 3. Nf3 Bg7 4. Nc3 d5 5. cxd5 Nxd5
6. e4 Nxc3 7. bxc3 Bg4 ({8:-0.24} 7... Bg4 8. Rb1 b6 9. Bc4 O-O 10. O-O Nc6 11.
Bg5 $10) ({8:+0.05} 7... O-O 8. Bc4 c5 9. O-O Bg4 10. dxc5 Qxd1 11. Rxd1 Bxf3
12. gxf3 12... Bxc3 $10) 8. Rb1 b6 9. Bc4 Bxf3 ({8:-1.05} 9... Bxf3 10. Qxf3
O-O 11. e5 c6 12. e6 f6 13. O-O 13... Qd6 $16) ({8:-0.24} 9... O-O 10. Bf4 Nd7
11. O-O c5 12. Bd5 Rc8 13. e5 $10) 10. Qxf3 O-O 11. O-O Nd7 12. Rd1 Qe8 13. Bd5
Rd8 14. Bg5 c5 15. e5 cxd4 ({8:-1.06} 15... cxd4 16. cxd4 h6 17. Bh4 g5 18. Bg3
e6 19. Be4 19... Qe7 $16) ({8:-0.81} 15... h6 16. Bh4 a6 17. Qe4 g5 18. e6 gxh4
19. exd7 Qxd7 20. dxc5 $16) 16. cxd4 h6 17. Bh4 g5 18. Bg3 e6 19. Bc4 Qe7 20.
Rbc1 Qb4 ({8:-1.44} 20... Qb4 21. Bb3 Qe7 22. Rc7 a5 23. Qb7 Rfe8 24. a4 $16) (
{8:-1.33} 20... Rc8 21. Qb7 a5 22. Bb5 Rxc1 23. Rxc1 Rd8 24. Rc7 24... Rb8 $16)
21. Qe2 Rc8 22. f4 b5 ({8:-1.75} 22... b5 23. Bxb5 Rxc1 24. Rxc1 Rb8 25. Bc4
Qa3 26. Qd2 Qe7 27. fxg5 27... hxg5 $18) ({8:-0.75} 22... Rfd8 23. fxg5 hxg5
24. d5 exd5 25. Rxd5 Qe7 26. Qe4 Re8 27. Re1 $16) 23. Bxb5 Rxc1 24. Rxc1 Rb8
25. Bc4 Qa3 ({9:-1.79} 25... Qa3 26. Qe1 Nb6 27. Bb3 Rd8 28. fxg5 hxg5 29. Qe3
29... Qe7 $18) ({9:-1.56} 25... Nb6 26. fxg5 hxg5 27. Be1 Qa4 28. Rb1 Rc8 29.
Rb4 Qd7 30. Bd3 $18) 26. Rc2 Rb1+ 27. Kf2 Rh1 ({8:-1.71} 27... Rh1 28. Bb3 Nb6
29. Rc7 Qb4 30. Qe3 30... a5 $18) ({8:-1.45} 27... Nb6 28. Bd3 Qa4 29. Qe3 Qd7
30. fxg5 hxg5 31. h4 gxh4 32. Bxh4 $16) 28. Qd3 Qxd3 29. Bxd3 Rd1 ({9:-2.14} 
29... Rd1 30. Ke2 Rg1 31. Rc7 Nb6 32. Kf2 Rd1 33. Ke2 33... Rg1 $18) ({9:-1.87
} 29... Nb6 30. fxg5 hxg5 31. Rc7 f5 32. exf6 Bxf6 33. Rxa7 Bxd4+ 34. Ke2 Rg1
35. Be4 $18) 30. Ke2 Ra1 31. fxg5 hxg5 32. Bf2 Nb6 33. Be4 g4 34. h4 gxh3 35.
gxh3 f6 36. exf6 Bxf6 37. h4 a5 38. h5 Nd5 39. Bxd5 exd5 40. Be3 Rh1 41. h6 Kh7
42. Kd3 Rh3 43. Rg2 Kh8 44. a4 Kh7 45. Kd2 Rh4 46. Kc3 Rh1 47. Rf2 Kg6 48. Ra2
Kh7 49. Kd3 Rd1+ 50. Ke2 Rb1 51. Kd2 Rb3 52. Ra1 Be7 53. Rh1 Ra3 54. Rh5 Ra2+
55. Kd1 Rxa4 56. Rxd5 Ra1+ 57. Kc2 Bf6 58. Rd6 Kg6 59. d5 Ra2+ 60. Kb3 Rb2+ 61.
Ka3 Rh2 62. Bd4 Rh3+ 63. Ka2 Rh2+ 64. Kb3 a4+ 65. Ka3 Rh3+ 66. Kb4 Kxh6 67.
Rxf6+ Kg5 68. Ra6 Rb3+ 69. Kc5 a3 70. d6 Rb7 71. Kc6 Rb4 72. Be3+ Kf5 73. d7
Rb8 74. Kc7 Rb3 75. d8=Q Rc3+ 76. Kb7 Rb3+ 77. Ka7 Kg4 78. Qd1+ Kf5 1-0

[Event "ICS Rated blitz match"]
[Site "207.99.83.227"]
[Date "1999.04.06"]
[Round "?"]
[White "Hossa"]
[Black "matar"]
[Result "0-1"]
[WhiteElo "2580"]
[BlackElo "2283"]
[Annotator "Crafty v16.6"]
[PlyCount "56"]

{annotating for player Hossa using a scoring margin of +0.10 pawns. search
time limit is 20.00} 1. e4 1... c5 2. Bc4 e6 3. Nc3 Nc6 4. Nf3 Nf6 5. O-O d5 6.
exd5 exd5 7. Bb5 Bd6 8. Re1+ Be6 9. Ng5 O-O 10. Bxc6 bxc6 11. Nxe6 fxe6 12.
Rxe6 Qd7 13. Re2 Ng4 14. h3 Nh2 15. Re3 ({8:-1.11} 15. Re3 15... d4 16. Ne4
dxe3 17. dxe3 Rad8 18. Nxd6 Qxd6 19. Qxd6 Rxd6 20. Kxh2 20... Rxf2 $17) ({
8:+1.17} 15. d3 15... Qf5 16. Qe1 Rf6 17. Re8+ Rxe8 18. Qxe8+ Rf8 19. Qe3 19...
d4 $16) 15... d4 16. Rd3 Rae8 17. Ne2 Qe6 18. Ng3 c4 19. Ra3 d3 20. Kxh2 Rxf2
21. Rxa7 Qd5 22. Rxg7+ Kxg7 23. Qg1 ({6:-Mat05} 23. Qg1 23... Bxg3+ 24. Kxg3
Qe5+ 25. Kh4 Qf6+ 26. Kh5 Re5+ 27. Kg4 27... Qf4# $19) ({6:-10.67} 23. Qg4+ $19
) 23... Ree2 24. Kh1 Rxg2 25. Qd4+ Qxd4 26. Nf5+ Kf6 27. Nxd4 Rh2+ 28. Kg1 Re1#
0-1

[Event "ICS Rated blitz match"]
[Site "207.99.83.227"]
[Date "1999.04.06"]
[Round "?"]
[White "Hossa"]
[Black "nimraz"]
[Result "1-0"]
[WhiteElo "2553"]
[BlackElo "2189"]
[PlyCount "23"]

1. e4 d6 2. d4 Nf6 3. Nc3 g6 4. Nf3 Bg7 5. h3 O-O 6. Be3 Nc6 7. Qd2 e5 8. O-O-O
d5 9. exd5 Nxd5 10. dxe5 Nxe3 11. Qxe3 Qe8 12. Bb5 {nimraz resigns} 1-0

[Event "ICS Rated blitz match"]
[Site "207.99.83.227"]
[Date "1999.04.07"]
[Round "?"]
[White "Hossa"]
[Black "WhiteHorse"]
[Result "1-0"]
[WhiteElo "2557"]
[BlackElo "2473"]
[PlyCount "99"]

1. e4 g6 2. Be2 Bg7 3. Nc3 d6 4. Nf3 Nc6 5. O-O e5 6. Ne1 f5 7. d3 f4 8. Bd2
Nf6 9. a3 O-O 10. Nf3 h6 11. b4 Be6 12. b5 Ne7 13. d4 Nd7 14. dxe5 dxe5 15. Qe1
g5 16. h3 Qe8 17. Rd1 Rd8 18. Na4 Qg6 19. Bb4 Rfe8 20. Bxe7 Rxe7 21. Nc5 Kh7
22. Nxb7 Rg8 23. Na5 Bf6 24. Nc6 Reg7 25. Qc3 g4 26. Nfxe5 Nxe5 27. Nxe5 Bxe5
28. Qxe5 gxh3 29. Bf3 hxg2 30. Rfe1 Rf8 31. Bh5 Qf6 32. Qxf6 Rxf6 33. e5 Rf8
34. Bf3 Bg4 35. Bxg4 Rxg4 36. Rd7+ Rg7 37. Rxg7+ Kxg7 38. Kxg2 f3+ 39. Kg3 Rf5
40. Kg4 Rf8 41. e6 Kf6 42. Re3 Ke7 43. Rc3 Kd6 44. Rc6+ Kd5 45. e7 Re8 46. Rxc7
Kd6 47. Rxa7 Kc5 48. a4 Kb6 49. Ra6+ Kb7 50. Re6 {WhiteHorse resigns} 1-0

[Event "ICS rated blitz match"]
[Site "207.99.83.227"]
[Date "1999.04.07"]
[Round "?"]
[White "WhiteHorse"]
[Black "Hossa"]
[Result "0-1"]
[WhiteElo "2461"]
[BlackElo "2569"]
[PlyCount "146"]

1. d4 Nf6 2. e3 e6 3. Bd3 Be7 4. f4 c5 5. Nf3 cxd4 6. exd4 d5 7. O-O O-O 8. Qe2
Nc6 9. c3 Bd7 10. Nbd2 Rc8 11. Ne5 Bd6 12. Rf3 Qe7 13. Rh3 Kh8 14. Bxh7 Be8 15.
Bd3+ Kg8 16. Ndf3 Qc7 17. Ng5 Qe7 18. Nh7 Rc7 19. Nxf6+ Qxf6 20. Bh7+ Kh8 21.
Qh5 Qh6 22. Qg4 Kxh7 23. Rxh6+ gxh6 24. Be3 Ne7 25. Rf1 Nf5 26. Bd2 Rg8 27. Qh3
Kh8 28. Kh1 Bb5 29. Rg1 f6 30. Ng4 Rg6 31. Nf2 Rcg7 32. g4 Be2 33. g5 fxg5 34.
fxg5 Rh7 35. gxh6 Rgxh6 36. Bxh6 Rxh6 37. Qxh6+ Nxh6 38. Re1 Bf3+ 39. Kg1 Ng4
40. Nxg4 Bxg4 41. Kg2 Bf5 42. h3 Be4+ 43. Kf2 e5 44. Rg1 Be7 45. Ke3 exd4+ 46.
Kxd4 Kh7 47. Ke5 b5 48. Rf1 Kg6 49. Ke6 Bg5 50. Kd6 Kh5 51. Kc7 Kh4 52. Re1
Kxh3 53. Kb7 a5 54. Kb6 b4 55. cxb4 axb4 56. Kb5 Kg2 57. Rd1 Be7 58. Rd4 Kf3
59. a3 bxa3 60. bxa3 Bxa3 61. Kc6 Ke3 62. Rxd5 Bf3 63. Kb5 Bxd5 64. Ka4 Bc5 65.
Kb5 Kd4 66. Ka4 Bc4 67. Ka5 Kc3 68. Ka4 Bb6 69. Ka3 Bb5 70. Ka2 Kc2 71. Ka1 Ba4
72. Ka2 Bb3+ 73. Ka3 73... Bc5# {WhiteHorse checkmated} 0-1

[Event "ICS Rated blitz match"]
[Site "207.99.83.227"]
[Date "1999.04.07"]
[Round "?"]
[White "Hossa"]
[Black "WhiteHorse"]
[Result "1/2-1/2"]
[WhiteElo "2580"]
[BlackElo "2450"]
[PlyCount "249"]

1. e4 g6 2. Be2 Bg7 3. Nc3 d6 4. Nf3 Nc6 5. O-O e5 6. Ne1 f5 7. d3 f4 8. Bd2
Be6 9. Bg4 Qd7 10. Bxe6 Qxe6 11. a4 Nge7 12. Nf3 h6 13. a5 g5 14. a6 b6 15. Qe1
O-O 16. Nb5 Rfc8 17. h3 Ng6 18. Bc3 Nce7 19. Na3 c5 20. Rc1 Kh7 21. Qe2 Bf6 22.
Nh2 Rg8 23. Qh5 Rh8 24. Nc4 Rad8 25. Ng4 Kg7 26. Nd2 Rdg8 27. Nf3 Kf7 28. Nxh6+
Kg7 29. Qg4 Qxg4 30. Nxg4 Nh4 31. Nxh4 Rxh4 32. f3 Rgh8 33. b4 Nc6 34. bxc5
dxc5 35. Rb1 Kg6 36. Rb5 Rc8 37. Be1 Rhh8 38. Rb2 Rhd8 39. Bc3 Rh8 40. Rbb1
Rhd8 41. Rb5 Rh8 42. Bb2 Rhd8 43. Ba1 Rd7 44. Bc3 Rcd8 45. Re1 Rc8 46. Reb1
Rcd8 47. Bb2 Rc8 48. Ba1 Rcd8 49. R1b3 Rc8 50. Bc3 Rcd8 51. Rb2 Rc8 52. Ra2
Rcd8 53. Ra1 Rc8 54. Rb2 Rcd8 55. Rf1 Rc8 56. Rb3 Rcd8 57. Rbb1 Rc7 58. Rf2
Rcd7 59. Rb2 Rc8 60. Rb5 Rcd8 61. Rb3 Rc8 62. Bb2 Rcd8 63. Rf1 Rc8 64. Ra3 Rcd8
65. Raa1 Rc8 66. Rab1 Rcd8 67. Ba1 Rc8 68. Rb2 Rcd8 69. Rb3 Rc8 70. Re1 Rcd8
71. Bb2 Rc8 72. Bc3 Rcd8 73. Rc1 Rc8 74. Rb5 Rcd8 75. Bb2 Rc8 76. Rd1 Rcd8 77.
Rf1 Rc8 78. Re1 Rcd8 79. Kh1 Rc8 80. Bc3 Rcd8 81. Reb1 Rc8 82. R1b3 Rcd8 83.
Bb2 Rc8 84. Kg1 Rcd8 85. Nxf6 Kxf6 86. Bc3 Ke6 87. Kh2 Kf6 88. Rb2 Rh7 89. R5b3
Rdh8 90. Kg1 Ke6 91. Kf2 Rg7 92. Rb5 Rd8 93. Rb1 Rgd7 94. R1b3 Rg7 95. Kf1 Rgd7
96. Rb2 Rg7 97. R5b3 Rgd7 98. Kf2 Rf7 99. Kg1 Rfd7 100. Rb1 Rh7 101. R3b2 Rhd7
102. Rb5 Rh7 103. Kf1 Rhd7 104. R5b3 Rh7 105. R3b2 Rhd7 106. Kf2 Rh7 107. Rb3
Rhd7 108. Rf1 Rh7 109. Re1 Rhd7 110. g3 Rh7 111. gxf4 gxf4 112. Rh1 Rdh8 113.
Kg2 Rg8+ 114. Kf1 Rhg7 115. Rh2 Rg1+ 116. Kf2 Rc1 117. Rb2 Rgg1 118. Ra2 Nd4
119. Bxd4 exd4 120. h4 Rcf1+ 121. Ke2 Re1+ 122. Kd2 Rd1+ 123. Ke2 Rde1+ 124.
Kd2 Rd1+ 125. Ke2 {Game drawn by mutual agreement} 1/2-1/2

[Event "ICS rated blitz match"]
[Site "207.99.83.227"]
[Date "1999.04.07"]
[Round "?"]
[White "WhiteHorse"]
[Black "Hossa"]
[Result "1-0"]
[WhiteElo "2456"]
[BlackElo "2574"]
[Annotator "Crafty v16.6"]
[PlyCount "179"]

{annotating for player Hossa using a scoring margin of +0.10 pawns. search
time limit is 20.00} 1. d4 1... Nf6 2. e3 e6 3. Bd3 Be7 4. f4 c5 5. Nf3 cxd4 6.
exd4 d5 ({8:+0.36} 6... d5 7. Ne5 O-O 8. Nc3 Nc6 9. Nxc6 bxc6 10. Be3 10... Bb4
$15) ({8:+0.51} 6... O-O 7. Nc3 Nc6 8. a3 d6 9. O-O Ng4 10. Bd2 $15) 7. O-O O-O
8. c3 b6 9. Qe2 Nc6 10. Nbd2 Bd7 ({8:+0.15} 10... Bd7 11. Ne5 Rc8 12. Nxd7 Nxd7
13. Nf3 Bh4 14. Ng5 Bxg5 15. fxg5 $10) ({8:+0.28} 10... Bb7 11. f5 exf5 12.
Bxf5 Re8 13. Ng5 Qd6 14. Qe3 14... Rad8 $10) 11. Ne5 Bd6 12. Rf3 Rc8 13. Rh3
Qe7 ({8:-5.15} 13... Qe7 14. Bxh7+ Kh8 15. Bg6+ Kg8 16. Bxf7+ Qxf7 17. Nxf7
Rxf7 18. Rh4 18... a5 $18) ({8:-0.16} 13... h6 14. Nxd7 Qxd7 15. Nf3 Qe7 16.
Ne5 a5 17. Re3 17... Rfd8 $10) 14. Bxh7+ Kh8 15. Bd3+ Kg8 16. Bh7+ Kh8 17. Bd3+
Kg8 18. Ndf3 Rc7 19. Ng5 a6 ({7:-8.40} 19... a6 20. Bh7+ Kh8 21. Bg6+ Kg8 22.
Bxf7+ Qxf7 23. Ngxf7 Rxf7 24. Nxf7 Kxf7 25. Qxa6 $18) ({7:-7.08} 19... Nd8 20.
Bh7+ Kh8 21. Ngxf7+ Qxf7 22. Bg6+ Kg8 23. Bxf7+ Nxf7 24. Nxd7 Nxd7 25. Qxe6 $18
) 20. Nh7 Ra8 ({7:-5.97} 20... Ra8 21. Nxf6+ Qxf6 22. Qh5 g6 23. Qh7+ Kf8 24.
Nxd7+ Rxd7 25. Qh8+ Qxh8 26. Rxh8+ Kg7 27. Rxa8 27... a5 $18) ({7:-2.66} 20...
Rd8 21. Nxf6+ Qxf6 22. Rh8+ Kxh8 23. Qh5+ Kg8 24. Qh7+ Kf8 25. Ng4 Qxf4 26.
Bxf4 Bxf4 27. Qh8+ Ke7 28. Qxg7 $18) 21. Nxf6+ Qxf6 22. Qh5 g5 ({9:-9.63} 22...
g5 23. Qh7+ Kf8 24. fxg5 Qxe5 25. dxe5 Bc5+ 26. Be3 Ke7 27. Bxc5+ bxc5 28. Qg7
Rb8 29. b3 $18) ({9:-6.61} 22... g6 23. Qh7+ Kf8 24. Nxd7+ Rxd7 25. Qh8+ Qxh8
26. Rxh8+ Ke7 27. Rxa8 a5 28. Bb5 Rc7 29. Ra6 Na7 30. Rxb6 Nxb5 31. Rxb5 $18)
23. Rg3 Raa7 ({8:-7.19} 23... Raa7 24. Rxg5+ Kf8 25. Ng4 Qd8 26. Qh8+ Ke7 27.
Rg8 Be8 28. Qh4+ Kd7 29. Nf6+ Kc8 30. Rxe8 $18) ({8:-3.67} 23... Kf8 24. Rxg5
Be8 25. Ng4 Qd8 26. Qh7 Rcc8 27. Rg8+ Ke7 28. Rg7 $18) 24. fxg5 Qg7 25. g6 f5
26. Bh6 Qf6 ({8:-7.97} 26... Qf6 27. Bg5 Qg7 28. Bf6 Bxe5 29. dxe5 f4 30. Bxg7
30... fxg3 $18) ({8:-6.80} 26... Bxe5 27. Bxg7 Bxg7 28. Qh7+ Kf8 29. Re3 e5 30.
dxe5 Nxe5 31. Be2 31... f4 $18) 27. Rh3 Nxe5 ({7:-6.38} 27... Nxe5 28. Bg5 Qxg6
29. Qh8+ Kf7 30. Rh7+ Qxh7 31. Qxh7+ Ke8 32. Qh8+ Kf7 33. dxe5 $18) ({7:-2.61} 
27... Be8 28. Nxc6 Rxc6 29. Re1 Bxg6 30. Qe2 Re7 31. Bxa6 $18) 28. dxe5 Bxe5
29. Bg5 Qh8 30. Qe2 Qg7 31. Qh5 Qh8 32. Qe2 Qg7 33. Re1 Bd6 34. Qh5 Bc8 35. Bh6
Qf6 36. Bg5 Qg7 37. Bh6 Qf6 38. Rf3 Bc5+ 39. Kh1 Be7 40. Bf4 Qh4 41. Qxh4 Bxh4
42. g3 Bf6 43. Bxc7 Rxc7 44. g4 Bxc3 45. bxc3 fxg4 46. Rg3 Rxc3 47. Bb1 Rxg3
48. hxg3 Bd7 49. Kg2 b5 50. Kf2 a5 51. Ke3 e5 52. Rf1 b4 53. Bf5 Bc6 54. Bxg4
d4+ 55. Kd2 Kg7 56. Bf5 Bd5 57. Bb1 Be6 58. Re1 Kf6 59. g7 Bg8 60. g4 a4 61.
Bc2 Bxa2 62. Bxa4 Bg8 63. Rb1 Kxg7 64. Rxb4 Be6 65. Bd1 Kf6 66. Rb5 Bc4 67. Rc5
Be6 68. Kd3 Bf7 69. Rc6+ Kg5 70. Ke4 Be8 71. Rd6 Bg6+ 72. Kxe5 Bf7 73. Rxd4 Be8
74. Rf4 Bg6 75. Rf5+ Kh4 76. Rf6 Bd3 77. Kf4 Kh3 78. Rh6+ Kg2 79. g5 Bc4 80. g6
Kf2 81. g7 Bg8 82. Bh5 Bd5 83. Ke5 Bg8 84. Bf7 Bh7 85. Rxh7 Kf3 86. g8=Q Kf2
87. Qg4 Ke3 88. Rh3+ Kd2 89. Qg2+ Kc1 90. Rh1# 1-0

[Event "ICS rated blitz match"]
[Site "207.99.83.227"]
[Date "1999.04.07"]
[Round "?"]
[White "guchess"]
[Black "Hossa"]
[Result "0-1"]
[WhiteElo "2193"]
[BlackElo "2562"]
[PlyCount "34"]

1. d4 Nf6 2. c4 g6 3. Nc3 Bg7 4. e4 d6 5. f3 O-O 6. Bg5 Nc6 7. d5 Ne5 8. Bd3 e6
9. Nge2 exd5 10. Nxd5 c6 11. Ndc3 Be6 12. b3 Qa5 13. O-O Nxf3+ 14. gxf3 Qxg5+
15. Kh1 Rae8 16. Rg1 Qe3 17. Rc1 17... Qxf3+ {guchess resigns} 0-1